Alle Relegationen zur Bundesliga - Statistiken

Allgemein
  • Dieses Quiz wurde 75 mal gespielt
    33 seit der letzten Aktualisierung
  • Das Durchschnittsergebnis liegt bei 8 aus 18
Antwortstatistiken
Saison Hinspiel Rückspiel Erstligist-Zweitligist % Korrekt
2025/26 0:0 1:2 n.V. VFL Wolfsburg-SC Paderborn
94%
2024/25 2:2 2:1 1.FC Heidenheim-SV Elversberg
81%
2023/24 0:3 3:0, 6:5 n.E. VFL Bochum-Fortuna Düsseldorf
71%
2014/15 1:1 2:1 n.V. Hamburger SV-Karlsruher SC
61%
2018/19 2:2 0:0 VFB Stuttgart-Union Berlin
61%
2022/23 3:0 3:1 VFB Stuttgart-Hamburger SV
58%
2021/22 0:1 2:0 Hertha BSC-Hamburger SV
52%
2011/12 1:2 2:2 Hertha BSC-Fortuna Düsseldorf
42%
2016/17 1:0 1:0 VFL Wolfsburg-Eintracht Braunschweig
42%
2019/20 0:0 2:2 Werder Bremen-1.FC Heidenheim
39%
2013/14 0:0 1:1 Hamburger SV-Greuther Fürth
35%
2017/18 3:1 1:0 VFL Wolfsburg-Kiel
35%
2020/21 0:1 5:1 1.FC Köln-Holstein Kiel
32%
2015/16 1:1 1:0 Eintracht Frankfurt-1.FC Nürnberg
29%
2010/11 1:0 1:1 Borussia Mönchengladbach-VFL Bochum
26%
2012/13 3:1 2:1 TSG Hoffenheim-1.FC Kaiserslautern
26%
2008/09 0:3 0:2 Energie Cottbus-1.FC Nürnberg
19%
2009/10 1:0 2:0 1.FC Nürnberg-FC Augsburg
13%
Keine übereinstimmenden Quizze gefunden
Verteilung der Resultate
Anzahl Personen mit jedem Resultat
Perzentil nach korrekt beantworteten Fragen
Ihre Resultats-Entwicklung
Sie haben dieses Quiz seit der letzten Aktualisierung nicht gespielt